[Event "III Festival Capo d'Orso"]
[Site "Portomannu - Palau ITA"]
[Date "2009.05.22"]
[Round "8"]
[White "Korneev, Oleg"]
[Black "Grandelius, Nils"]
[Result "1-0"]
[WhiteElo "2587"]
[BlackElo "2491"]
[PlyCount "106"]
[EventDate "2009.05.16"]

1. e4 c5 2. Nf3 d6 3. d4 cxd4 4. Nxd4 Nf6 5. Nc3 a6 6. Be3 e6 7. f3 b5 8. Qd2
Nbd7 9. O-O-O Bb7 10. g4 Nb6 11. Bd3 Rc8 12. g5 Nfd7 13. Kb1 Ne5 14. Qe1 Nbc4
15. f4 b4 16. Na4 Nxd3 17. cxd3 Qa5 18. Bc1 Na3+ 19. bxa3 Qxa4 20. Qxb4 Qxb4+
21. axb4 d5 22. a3 dxe4 23. Rhe1 exd3 24. f5 Be7 25. fxe6 O-O 26. Rxd3 Rcd8 27.
Rde3 Rxd4 28. exf7+ Rxf7 29. Rxe7 Rxe7 30. Rxe7 Bc6 31. Kb2 Rd7 32. Re6 Bb5 33.
a4 Kf7 34. Rb6 Bf1 35. h4 Re7 36. b5 axb5 37. a5 Re6 38. Rb7+ Kg6 39. Bd2 Re2
40. Kc1 Re4 41. Bc3 Kh5 42. Rxg7 Kxh4 43. Bf6 Kg4 44. Rxh7 Kf5 45. a6 Ra4 46.
a7 b4 47. Bd4 Bd3 48. Re7 b3 49. Re5+ Kf4 50. Re8 Be4 51. g6 Bxg6 52. a8=Q Bxe8
53. Be5+ Kf5 1-0

[Event "III Festival Capo d'Orso"]
[Site "Portomannu - Palau ITA"]
[Date "2009.05.22"]
[Round "8"]
[White "Marin, Mihail"]
[Black "Conquest, Stuart C."]
[Result "1/2-1/2"]
[WhiteElo "2564"]
[BlackElo "2549"]
[PlyCount "35"]
[EventDate "2009.05.16"]

1. c4 Nf6 2. g3 c5 3. Bg2 e6 4. Nf3 Nc6 5. O-O d5 6. cxd5 Nxd5 7. b3 Be7 8. Bb2
O-O 9. Nc3 Nxc3 10. Bxc3 Bd7 11. Qc2 Qb6 12. Qb2 f6 13. Bh3 Rfd8 14. d3 e5 15.
Bxd7 Rxd7 16. Nd2 Kh8 17. Nc4 Qc7 18. a4 1/2-1/2

[Event "III Festival Capo d'Orso"]
[Site "Portomannu - Palau ITA"]
[Date "2009.05.22"]
[Round "8"]
[White "Miedema, David"]
[Black "Lemos, Damian"]
[Result "1/2-1/2"]
[WhiteElo "2370"]
[BlackElo "2512"]
[PlyCount "54"]
[EventDate "2009.05.16"]

1. d4 d5 2. c4 c6 3. Nc3 Nf6 4. e3 a6 5. Nf3 b5 6. b3 Bf5 7. Be2 e6 8. O-O h6
9. Bb2 Nbd7 10. Bd3 Bd6 11. Ne2 O-O 12. Ne5 Bxd3 13. Qxd3 bxc4 14. bxc4 Qb8 15.
Rab1 Qc7 16. cxd5 exd5 17. Ba3 Bxe5 18. Bxf8 Bxh2+ 19. Kh1 Nxf8 20. g3 Bxg3 21.
Nxg3 Re8 22. Qxa6 Ne4 23. Nxe4 Rxe4 24. Rg1 Qd7 25. Rg3 Rh4+ 26. Kg1 Qf5 27.
Rb8 Qh5 1/2-1/2

[Event "III Festival Capo d'Orso"]
[Site "Portomannu - Palau ITA"]
[Date "2009.05.22"]
[Round "8"]
[White "Pelletier, Yannick"]
[Black "Tiviakov, Sergei"]
[Result "1/2-1/2"]
[WhiteElo "2559"]
[BlackElo "2697"]
[PlyCount "30"]
[EventDate "2009.05.16"]

1. d4 Nf6 2. c4 e6 3. g3 d5 4. Bg2 Bb4+ 5. Bd2 Be7 6. Nf3 O-O 7. O-O c6 8. Qc2
b6 9. Rd1 Nbd7 10. Bf4 Bb7 11. Nc3 Rc8 12. Ne5 Nh5 13. Bc1 Nhf6 14. Bf4 Nh5 15.
Bc1 Nhf6 1/2-1/2

[Event "III Festival Capo d'Orso"]
[Site "Portomannu - Palau ITA"]
[Date "2009.05.22"]
[Round "8"]
[White "Piscopo, Pierluigi"]
[Black "Van Eijk, Sander"]
[Result "1/2-1/2"]
[WhiteElo "2405"]
[BlackElo "2319"]
[PlyCount "116"]
[EventDate "2009.05.16"]

1. e4 c5 2. Nf3 a6 3. c3 d5 4. exd5 Nf6 5. d4 cxd4 6. cxd4 Nxd5 7. Bc4 Nc6 8.
Nc3 Be6 9. Bb3 Nxc3 10. bxc3 Bxb3 11. axb3 e6 12. O-O Be7 13. Re1 O-O 14. Ra2
Qc7 15. Rd2 Rfd8 16. Rd3 h6 17. Nd2 Bd6 18. Qh5 Bf4 19. Ne4 Bxc1 20. Rxc1 Nxd4
21. Re1 Nxb3 22. Rg3 Qf4 23. Rg4 Qf5 24. Qh4 Kf8 25. Qg3 g5 26. h4 f6 27. hxg5
hxg5 28. f4 Nc5 29. Nxg5 Rd3 30. Nf3 Ke7 31. Rg7+ Kd6 32. Nd4 Qd5 33. Qg6 Rxd4
34. Qf7 Rc8 35. cxd4 Qxd4+ 36. Kh1 Rh8+ 37. Rh7 Rxh7+ 38. Qxh7 Qxf4 39. Rd1+
Kc6 40. Qe7 Qh6+ 41. Kg1 Qe3+ 42. Kh1 Qe5 43. Rd8 a5 44. Rc8+ Kb5 45. Qe8+ Kb4
46. Qd8 Qe1+ 47. Kh2 Qe5+ 48. Kh1 a4 49. Qb6+ Kc4 50. Qxb7 Qh5+ 51. Kg1 Qd1+
52. Kh2 Qd6+ 53. Kh1 f5 54. Qb2 Qd1+ 55. Kh2 Qh5+ 56. Kg1 Qd1+ 57. Kh2 Qh5+ 58.
Kg1 Qd1+ 1/2-1/2

[Event "III Festival Capo d'Orso"]
[Site "Portomannu - Palau ITA"]
[Date "2009.05.22"]
[Round "8"]
[White "Zoldan, Matteo"]
[Black "Squarci, Franco"]
[Result "1-0"]
[WhiteElo "2200"]
[BlackElo "1787"]
[PlyCount "61"]
[EventDate "2009.05.16"]

1. e4 c6 2. d4 d5 3. f3 g6 4. Nc3 e6 5. Be3 Be7 6. Qd2 Nd7 7. Nh3 h6 8. Nf2
Ndf6 9. Be2 dxe4 10. fxe4 Bd7 11. Nd3 Nh7 12. Rf1 Nf8 13. Ne5 Rh7 14. O-O-O Bf6
15. Nc4 Be7 16. Kb1 Qc7 17. Bf4 Qd8 18. d5 exd5 19. exd5 f5 20. Qe3 Kf7 21.
dxc6 bxc6 22. Ne5+ Kg7 23. Nxc6 Qe8 24. Nxe7 Nxe7 25. Bc4 g5 26. Be5+ Kg6 27.
Rd6+ Ne6 28. Bxe6 Bxe6 29. Rxe6+ Kf7 30. Bd6 Kf8 31. Rxf5+ 1-0

[Event "III Festival Capo d'Orso"]
[Site "Portomannu - Palau ITA"]
[Date "2009.05.23"]
[Round "9"]
[White "Conquest, Stuart C."]
[Black "Hillarp Persson, Tiger"]
[Result "1-0"]
[WhiteElo "2549"]
[BlackElo "2618"]
[PlyCount "105"]
[EventDate "2009.05.16"]

1. e4 c5 2. Nc3 Nc6 3. Nf3 g6 4. d4 cxd4 5. Nxd4 Bg7 6. Be3 Nf6 7. Bc4 d6 8. f3
O-O 9. Bb3 Bd7 10. Qd2 Rc8 11. O-O-O Ne5 12. Kb1 a6 13. h4 h5 14. Rhe1 b5 15.
a3 Re8 16. Bg5 Rc5 17. g4 hxg4 18. f4 Nc4 19. Bxc4 Rxc4 20. Bxf6 exf6 21. f5
Qb6 22. Rf1 Rxc3 23. Qxc3 Rxe4 24. Qd3 d5 25. fxg6 fxg6 26. Nb3 Be6 27. Nd2 f5
28. Nxe4 dxe4 29. Qg3 Qc5 30. h5 Qe5 31. Rd8+ Kh7 32. Qxe5 Bxe5 33. Re8 Bc4 34.
Rd1 Bg7 35. b3 Be2 36. Rd7 Kh6 37. Re6 Bc3 38. hxg6 Bg7 39. Ree7 g3 40. Rxg7 g2
41. Rh7+ Kg5 42. g7 g1=Q+ 43. Kb2 Kf6 44. Rh6+ Ke5 45. Rh8 Ke6 46. Rb7 Qd4+ 47.
Ka2 Ke5 48. g8=Q Kf4 49. Qb8+ Ke3 50. Qg3+ Kd2 51. Qf4+ Kxc2 52. Rc7+ Kd3 53.
Rh3+ 1-0

[Event "III Festival Capo d'Orso"]
[Site "Portomannu - Palau ITA"]
[Date "2009.05.23"]
[Round "9"]
[White "D'Amore, Carlo"]
[Black "Miedema, David"]
[Result "1/2-1/2"]
[WhiteElo "2483"]
[BlackElo "2370"]
[PlyCount "67"]
[EventDate "2009.05.16"]

1. g3 Nf6 2. Bg2 d5 3. Nf3 c5 4. O-O Nc6 5. d3 e5 6. Bg5 Be7 7. Nfd2 O-O 8. c4
d4 9. Na3 Ne8 10. Bxe7 Qxe7 11. Nc2 Bd7 12. a3 Nd8 13. b4 Bc6 14. Bxc6 Nxc6 15.
bxc5 Qxc5 16. f4 exf4 17. Rxf4 Nc7 18. Nb3 Qh5 19. Nbxd4 Nxd4 20. Nxd4 Ne6 21.
Nxe6 fxe6 22. e3 Qe5 23. Qe1 Qb2 24. a4 e5 25. Rxf8+ Rxf8 26. Rd1 Qb3 27. a5 e4
28. dxe4 Qxc4 29. Qd2 Qxe4 30. Qd5+ Qxd5 31. Rxd5 Rf7 32. Rd8+ Rf8 33. Rd7 Rf7
34. Rd8+ 1/2-1/2

[Event "III Festival Capo d'Orso"]
[Site "Portomannu - Palau ITA"]
[Date "2009.05.23"]
[Round "9"]
[White "Lemos, Damian"]
[Black "Bitalzadeh, Ali"]
[Result "1-0"]
[WhiteElo "2512"]
[BlackElo "2417"]
[PlyCount "123"]
[EventDate "2009.05.16"]

1. d4 Nf6 2. c4 g6 3. g3 Bg7 4. Bg2 O-O 5. Nc3 d6 6. Nf3 Nbd7 7. O-O e5 8. h3
exd4 9. Nxd4 Nb6 10. b3 c5 11. Nc2 Be6 12. Bb2 Qd7 13. Kh2 d5 14. Nxd5 Nbxd5
15. cxd5 Nxd5 16. Bxg7 Kxg7 17. Qd2 Rfd8 18. Rad1 Qb5 19. e4 Nb4 20. Qc3+ Kg8
21. Nxb4 cxb4 22. Qf6 Rxd1 23. Rxd1 a5 24. f4 a4 25. f5 gxf5 26. Qg5+ Kf8 27.
Qh6+ Kg8 28. bxa4 Qxa4 29. Qg5+ Kf8 30. Qh6+ Kg8 31. Rd2 Qb5 32. Qg5+ Kf8 33.
exf5 Qxf5 34. Qh4 Rxa2 35. Qxb4+ Kg7 36. Rxa2 Bxa2 37. Qb2+ Qf6 38. Qxa2 b6 39.
Qa4 Qb2 40. Qg4+ Kf8 41. Qf5 h6 42. h4 Kg7 43. Kh3 Qa1 44. Bd5 Qa7 45. Qe5+ Kg8
46. Kh2 Qd7 47. Qb8+ Kg7 48. Qb7 Qf5 49. Bg2 Qf2 50. Qe7 Qd4 51. Qe4 Qc5 52.
Qd5 Qe3 53. Kh3 Qc3 54. Qf5 Qc7 55. Be4 Qd6 56. Bf3 Qc7 57. Qg4+ Kf8 58. Qd4
Qc8+ 59. Kh2 Qe6 60. Qb4+ Ke8 61. Qe4 Ke7 62. Kg2 1-0

[Event "III Festival Capo d'Orso"]
[Site "Portomannu - Palau ITA"]
[Date "2009.05.23"]
[Round "9"]
[White "Loeffler, Stefan"]
[Black "Vocaturo, Daniele"]
[Result "1/2-1/2"]
[WhiteElo "2412"]
[BlackElo "2480"]
[PlyCount "87"]
[EventDate "2009.05.16"]

1. d4 Nf6 2. c4 c5 3. d5 e5 4. Nc3 d6 5. e4 g6 6. h3 Bg7 7. Be3 a6 8. Bd3 Nbd7
9. Qd2 Nh5 10. Be2 Nf4 11. Bf3 b5 12. g3 g5 13. Qc2 bxc4 14. gxf4 exf4 15. Bd2
O-O 16. Be2 f5 17. Nf3 Rb8 18. h4 fxe4 19. Qxe4 Re8 20. Qc2 Ne5 21. O-O-O Nd3+
22. Bxd3 cxd3 23. Qxd3 Qb6 24. Na4 Bxb2+ 25. Kc2 c4 26. Nxb6 cxd3+ 27. Kxb2 Bg4
28. Nxg5 Rxb6+ 29. Kc3 Bxd1 30. Rxd1 Rb5 31. Bxf4 Rxd5 32. Rxd3 Rxd3+ 33. Kxd3
d5 34. Be3 Rb8 35. Bc5 Rb5 36. Kd4 Rb2 37. Kxd5 Rxa2 38. f4 h6 39. Nf3 Kf7 40.
f5 Ra5 41. Nd4 Kf6 42. Kc4 Ra1 43. Bf8 Rh1 44. Bxh6 1/2-1/2

[Event "III Festival Capo d'Orso"]
[Site "Portomannu - Palau ITA"]
[Date "2009.05.23"]
[Round "9"]
[White "Tiviakov, Sergei"]
[Black "Marin, Mihail"]
[Result "1/2-1/2"]
[WhiteElo "2697"]
[BlackElo "2564"]
[PlyCount "95"]
[EventDate "2009.05.16"]

1. e4 e5 2. Nf3 Nc6 3. Bc4 d6 4. d4 exd4 5. Nxd4 g6 6. Nc3 Bg7 7. Be3 Nf6 8. f3
O-O 9. Nxc6 bxc6 10. O-O Re8 11. Re1 Be6 12. Bb3 Qb8 13. Qd2 Qb4 14. Ba4 Qb7
15. Ne2 a5 16. Bd4 Bd7 17. c4 Qb4 18. Qc2 Nh5 19. Bxg7 Nxg7 20. c5 Ne6 21. cxd6
cxd6 22. Rad1 Rad8 23. Nc3 Nc5 24. Kh1 Re6 25. Re2 Be8 26. Red2 d5 27. Rd4 Qb7
28. Qd2 Re5 29. exd5 Nxa4 30. Rxa4 cxd5 31. Rxa5 Qb4 32. Ne2 Rb8 33. Qxb4 Rxb4
34. Rd2 Bb5 35. Ng1 Re1 36. Ra8+ Kg7 37. Rb8 d4 38. h3 d3 39. b3 Rc1 40. a4
Rxb3 41. Rxb5 Ra3 42. Kh2 Raa1 43. Rxd3 Rxg1 44. Rd7 Rgb1 45. Kg3 h5 46. h4 Kf8
47. Rd6 Rg1 48. Rdb6 1/2-1/2

[Event "III Festival Capo d'Orso"]
[Site "Portomannu - Palau ITA"]
[Date "2009.05.23"]
[Round "9"]
[White "Van Eijk, Sander"]
[Black "Cmilyte, Viktorija"]
[Result "0-1"]
[WhiteElo "2319"]
[BlackElo "2498"]
[PlyCount "80"]
[EventDate "2009.05.16"]

1. e4 c5 2. Nf3 Nc6 3. d4 cxd4 4. Nxd4 Nf6 5. Nc3 e5 6. Nde2 Bc5 7. Ng3 d6 8.
Be2 a6 9. O-O h6 10. a4 O-O 11. Bc4 Ng4 12. h3 Qh4 13. Qf3 Nd4 14. Qd3 Nf6 15.
b4 Bxb4 16. Nd5 Nxd5 17. exd5 Bc5 18. c3 Nf3+ 19. Qxf3 Qxc4 20. Ne4 f5 21. Nxc5
Qxc5 22. Ba3 Qc7 23. c4 a5 24. c5 dxc5 25. Rac1 b6 26. d6 Qb7 27. Qb3+ Rf7 28.
Bb2 e4 29. f3 e3 30. Qxe3 Bd7 31. Qb3 Qc6 32. Rfe1 Qxa4 33. Qxb6 Qb4 34. Qxc5
Qxb2 35. Qd5 Raf8 36. Rc7 Qb5 37. Rc5 Qb4 38. Re7 Kh7 39. Rc7 Qb6+ 40. Kh1 Qxc7
0-1

[Event "C.to Regionale Lombardia"]
[Site "Lissone ITA"]
[Date "2009.05.23"]
[Round "1"]
[White "Ratti, Ermanno"]
[Black "Radice, Luca"]
[Result "1/2-1/2"]
[WhiteElo "1764"]
[BlackElo "2077"]
[PlyCount "107"]
[EventDate "2009.05.23"]

1. e4 e6 2. d4 d5 3. Nc3 Bb4 4. e5 Qd7 5. Bd2 b6 6. a3 Bf8 7. Bb5 c6 8. Bd3 Ba6
9. Be3 Bxd3 10. Qxd3 c5 11. Nf3 Nc6 12. O-O cxd4 13. Bxd4 Nge7 14. Nb5 Nf5 15.
Bc3 a6 16. Nbd4 Nfxd4 17. Bxd4 b5 18. Be3 Be7 19. c3 Qc7 20. Bf4 O-O 21. Rfe1
Na5 22. Ng5 Bxg5 23. Bxg5 h6 24. Bf4 f5 25. Qg3 Kh7 26. h4 Qf7 27. a4 Nb3 28.
Ra3 bxa4 29. Rxa4 Nc5 30. Ra3 Ne4 31. Qd3 g5 32. hxg5 hxg5 33. Bc1 Kg6 34. c4
Rh8 35. cxd5 Rh1+ 36. Kxh1 Nxf2+ 37. Kg1 Nxd3 38. Rxd3 exd5 39. e6 Qb7 40. Re5
Rc8 41. Be3 Qxb2 42. Rexd5 Rc2 43. Bd2 Qb1+ 44. Kh2 Qb8+ 45. Kg1 Qb6+ 46. Kh2
Rc6 47. e7 Re6 48. e8=Q+ Rxe8 49. Rd6+ Re6 50. Rxb6 Rxb6 51. Rg3 g4 52. Ra3 Rd6
53. Bf4 Rc6 54. Rd3 1/2-1/2

[Event "C.to Regionale Lombardia"]
[Site "Lissone ITA"]
[Date "2009.05.24"]
[Round "3"]
[White "Colombo, Luca"]
[Black "Radice, Luca"]
[Result "1-0"]
[WhiteElo "1821"]
[BlackElo "2077"]
[PlyCount "61"]
[EventDate "2009.05.23"]

1. e4 e6 2. d4 d5 3. e5 c5 4. c3 Nc6 5. Nf3 Bd7 6. Be2 f6 7. O-O fxe5 8. dxe5
Qc7 9. Re1 O-O-O 10. Bf4 h6 11. Bd3 g5 12. Bg3 Be7 13. Na3 Rf8 14. Nc2 h5 15.
h3 g4 16. hxg4 hxg4 17. Nh2 Nh6 18. Ne3 Qd8 19. Nhxg4 Bh4 20. Bxh4 Qxh4 21. g3
Qh5 22. Nf6 Qxe5 23. Nexd5 Qg5 24. Nxd7 Ng4 25. Nxf8 Qh5 26. Qf3 Qh2+ 27. Kf1
Qh5 28. Ke2 Nce5 29. Rh1 Qg5 30. Rxh8 Qg7 31. Nxe6+ 1-0

[Event "C.to Regionale Lombardia"]
[Site "Lissone ITA"]
[Date "2009.05.31"]
[Round "5"]
[White "Gulino, Santo"]
[Black "Radice, Luca"]
[Result "1/2-1/2"]
[WhiteElo "1589"]
[BlackElo "2077"]
[PlyCount "144"]
[EventDate "2009.05.23"]

1. c4 d6 2. Nc3 g6 3. g3 Bg7 4. Bg2 f5 5. e3 Nf6 6. f4 O-O 7. Nf3 Nc6 8. O-O
Be6 9. d3 Kh8 10. Nd4 Bd7 11. Nxc6 Bxc6 12. Bxc6 bxc6 13. Rb1 a5 14. a3 c5 15.
Qa4 Nd7 16. Bd2 Nb6 17. Qc2 e5 18. Ne2 Qd7 19. e4 a4 20. Nc3 fxe4 21. Nxe4 exf4
22. Bxf4 Bd4+ 23. Kg2 d5 24. cxd5 Nxd5 25. Bh6 Rf5 26. Qe2 Re8 27. Kh1 Rh5 28.
Rf8+ Rxf8 29. Bxf8 Qe8 30. Rf1 Ne3 31. Rf4 Rf5 32. Bh6 Rxf4 33. Bxf4 Nd5 34.
Bh6 Qe5 35. Qf3 Qf5 36. Qe2 Ne7 37. Bg5 Ng8 38. Bf4 Qf7 39. Nxc5 Qd5+ 40. Ne4
c5 41. h3 Kg7 42. Kh2 Ne7 43. Ng5 Bf6 44. Ne6+ Kf7 45. Nc7 Qb3 46. Bd6 Qxb2 47.
Qxb2 Bxb2 48. Bxc5 Nc6 49. Nd5 Ne5 50. d4 Nc4 51. h4 Ke6 52. Nf4+ Kd7 53. d5
Bxa3 54. Nd3 Bb2 55. Nxb2 Nxb2 56. Kg2 Nc4 57. Kf3 a3 58. Bxa3 Nxa3 59. Kf4 Nc4
60. Kg5 Ke7 61. Kh6 Kf6 62. Kxh7 Nd6 63. g4 Nf7 64. g5+ Kf5 65. Kg7 Ne5 66. Kh7
Kg4 67. d6 Kf5 68. Kg7 Ke6 69. Kh6 Kf7 70. d7 Nxd7 71. h5 Ne5 72. hxg6+ Nxg6
1/2-1/2

[Event "C.to Regionale Lombardia"]
[Site "Lissone ITA"]
[Date "2009.05.31"]
[Round "6"]
[White "Radice, Luca"]
[Black "Ranfagni, Stefano"]
[Result "1-0"]
[WhiteElo "2077"]
[BlackElo "2052"]
[PlyCount "47"]
[EventDate "2009.05.23"]

1. d4 f5 2. h3 d6 3. Nc3 Nf6 4. Bg5 e6 5. e4 Be7 6. exf5 exf5 7. Qd2 Ne4 8.
Nxe4 fxe4 9. Be3 d5 10. O-O-O Be6 11. f3 exf3 12. Nxf3 h6 13. Bd3 Nc6 14. Bg6+
Kd7 15. Rhe1 Bd6 16. Bf4 Qf6 17. Bxd6 Qxg6 18. Ne5+ Nxe5 19. Bxe5 Bf5 20. Re3
Be4 21. Rg3 Qa6 22. Rxg7+ Ke6 23. Qc3 c6 24. Qc5 1-0

[Event "VII Festival A"]
[Site "Savigliano ITA"]
[Date "2009.05.28"]
[Round "1"]
[White "Araniti, Michelangelo"]
[Black "Faraoni, Enrico"]
[Result "0-1"]
[WhiteElo "1795"]
[BlackElo "2085"]
[PlyCount "83"]
[EventDate "2009.05.28"]

1. Nf3 h6 2. e4 g5 3. d4 Bg7 4. c3 d5 5. e5 c5 6. Bb5+ Nc6 7. Be3 cxd4 8. cxd4
f6 9. Qc2 Kf7 10. Bxc6 bxc6 11. O-O Rb8 12. Qxc6 Rb6 13. Qc2 Bg4 14. exf6 exf6
15. Nfd2 Ne7 16. Nc3 Qb8 17. Nb3 Rc8 18. Qd2 Bf5 19. h3 a5 20. f4 a4 21. Nxa4
Rc2 22. Qd1 Re6 23. Rc1 Rxg2+ 24. Kxg2 Rxe3 25. Rc3 Bxh3+ 26. Kh2 Rxc3 27. Nxc3
Bxf1 28. Qxf1 Bf8 29. Qf3 Kg7 30. Kg2 Ng6 31. Kf2 Nh4 32. Qg3 Bd6 33. Ne2 Ng6
34. Qg4 Qe8 35. fxg5 hxg5 36. Ng3 Bxg3+ 37. Qxg3 Nf4 38. Qe3 Qh8 39. Qg3 Qh7
40. Nd2 Qf5 41. Qf3 g4 42. Qg3 0-1

[Event "VII Festival A"]
[Site "Savigliano ITA"]
[Date "2009.05.28"]
[Round "1"]
[White "Blengino, Luca"]
[Black "Barletta, Mauro"]
[Result "0-1"]
[WhiteElo "1894"]
[BlackElo "2224"]
[PlyCount "63"]
[EventDate "2009.05.28"]

1. d4 d5 2. Nf3 Nc6 3. c4 Bg4 4. e3 e5 5. cxd5 Qxd5 6. Nc3 Bb4 7. Be2 exd4 8.
O-O Bxc3 9. bxc3 d3 10. Qxd3 Bxf3 11. gxf3 Qg5+ 12. Kh1 Rd8 13. f4 Qh4 14. Qe4+
Nge7 15. Ba3 O-O 16. Rg1 Rfe8 17. Qg2 g6 18. Qf3 Rd2 19. e4 Nf5 20. Bc1 Nfd4
21. cxd4 Nxd4 22. Bxd2 Nxf3 23. Bxf3 Qxf2 24. Bg2 Qxd2 25. f5 Rd8 26. Rge1 Qg5
27. fxg6 hxg6 28. Rad1 Rxd1 29. Rxd1 c6 30. Kg1 Qe3+ 31. Kf1 b5 32. e5 0-1

[Event "VII Festival A"]
[Site "Savigliano ITA"]
[Date "2009.05.28"]
[Round "1"]
[White "Di Chiara, Mauro"]
[Black "Pepino, Enrico"]
[Result "0-1"]
[WhiteElo "1869"]
[BlackElo "2148"]
[PlyCount "74"]
[EventDate "2009.05.28"]

1. d4 g6 2. Nf3 Bg7 3. c4 Nf6 4. Nc3 O-O 5. e4 d6 6. Be2 e5 7. d5 a5 8. Bg5 Na6
9. Nd2 h6 10. Bh4 Bd7 11. O-O Nc5 12. b3 g5 13. Bg3 c6 14. Qc2 cxd5 15. exd5
Ne8 16. Rac1 f5 17. f3 Nf6 18. Nb5 Qe7 19. Rcd1 Kh8 20. Nb1 Rae8 21. N1c3 Nh5
22. Bf2 Nf4 23. Rfe1 Nxe2+ 24. Rxe2 Qf6 25. a3 g4 26. fxg4 f4 27. Bxc5 dxc5 28.
Ne4 Qh4 29. Nbd6 Bxg4 30. Nxe8 Rxe8 31. Nxc5 Qh5 32. Red2 e4 33. Ne6 e3 34.
Nxg7 Kxg7 35. Rd4 Qe5 36. Qd3 Bxd1 37. Qxd1 e2 0-1

[Event "VII Festival A"]
[Site "Savigliano ITA"]
[Date "2009.05.28"]
[Round "1"]
[White "Dominici, Alessandro"]
[Black "Astengo, Marcello"]
[Result "0-1"]
[WhiteElo "1823"]
[BlackElo "2114"]
[PlyCount "50"]
[EventDate "2009.05.28"]

1. d4 d5 2. c4 e6 3. Nc3 c6 4. cxd5 exd5 5. Nf3 Nd7 6. Bf4 Ngf6 7. h3 Qa5 8.
Qc2 Bb4 9. Nd2 O-O 10. Nb3 Qb6 11. a3 Be7 12. f3 Nh5 13. Bh2 Bh4+ 14. Kd2 Re8
15. e3 Ng3 16. Bd3 g6 17. Bxg3 Bxg3 18. h4 Nf6 19. Raf1 Nh5 20. Ne2 Qd8 21. e4
dxe4 22. Bxe4 Bxh4 23. g4 Nf6 24. Bd3 Nd5 25. Kd1 Ne3+ 0-1

[Event "VII Festival A"]
[Site "Savigliano ITA"]
[Date "2009.05.28"]
[Round "1"]
[White "Finocchiaro, Gianluca"]
[Black "Piantadosi, Angelo"]
[Result "1-0"]
[WhiteElo "2064"]
[BlackElo "1685"]
[PlyCount "53"]
[EventDate "2009.05.28"]

1. d4 d5 2. c4 dxc4 3. e4 e6 4. Bxc4 Nf6 5. Nc3 a6 6. a4 b6 7. e5 Nd5 8. Nxd5
exd5 9. Bd3 Bb4+ 10. Bd2 Qe7 11. Rc1 O-O 12. Qc2 Bxd2+ 13. Qxd2 a5 14. Ne2 Ba6
15. Bb1 Bxe2 16. Qxe2 Qb4+ 17. Rc3 Nc6 18. O-O Nxd4 19. Qd3 g6 20. f4 c5 21. f5
Qxb2 22. Rf2 Qb4 23. h4 Nxf5 24. Rxf5 gxf5 25. Qxf5 Qd4+ 26. Kh1 Qxh4+ 27. Rh3
1-0

[Event "VII Festival A"]
[Site "Savigliano ITA"]
[Date "2009.05.28"]
[Round "1"]
[White "Godena, Michele"]
[Black "Aglietti, Graziano"]
[Result "1-0"]
[WhiteElo "2538"]
[BlackElo "2020"]
[PlyCount "41"]
[EventDate "2009.05.28"]

1. e4 c5 2. c3 d5 3. exd5 Qxd5 4. d4 Nc6 5. Nf3 e6 6. Na3 Nf6 7. Nb5 Qd8 8.
dxc5 Bxc5 9. Qxd8+ Kxd8 10. Bf4 Ne4 11. Rd1+ Ke7 12. Nbd4 f6 13. Nxc6+ bxc6 14.
Nd4 Bd7 15. Bd3 Nxf2 16. Kxf2 e5 17. Rhe1 Kf7 18. Bxe5 fxe5 19. Rxe5 Bd6 20.
Nxc6 Bxc6 21. Bc4+ 1-0

[Event "VII Festival A"]
[Site "Savigliano ITA"]
[Date "2009.05.28"]
[Round "1"]
[White "Manni, Stefano"]
[Black "Porzio, Franco"]
[Result "1-0"]
[WhiteElo "2036"]
[BlackElo "1649"]
[PlyCount "61"]
[EventDate "2009.05.28"]

1. d4 d5 2. Nf3 Nf6 3. e3 Bg4 4. h3 Bh5 5. g4 Bg6 6. Ne5 Nbd7 7. h4 h6 8. Nxg6
fxg6 9. Bd3 e5 10. Bxg6+ Ke7 11. Nc3 c6 12. Qf3 Kd6 13. Bd2 Kc7 14. O-O-O Bd6
15. g5 Ng8 16. Bf5 Ne7 17. Bxd7 Qxd7 18. dxe5 Bxe5 19. e4 Raf8 20. Qe2 d4 21.
Na4 b6 22. Qa6 Kb8 23. Nxb6 axb6 24. Qxb6+ Qb7 25. Qc5 Qc7 26. Ba5 Bf4+ 27. Kb1
Qe5 28. Qb6+ Ka8 29. Bb4 Rf7 30. g6 Rf6 31. Rd3 1-0

[Event "VII Festival A"]
[Site "Savigliano ITA"]
[Date "2009.05.28"]
[Round "1"]
[White "Marello, Giampiero"]
[Black "Moncelli, Giorgio"]
[Result "0-1"]
[WhiteElo "1709"]
[BlackElo "2071"]
[PlyCount "34"]
[EventDate "2009.05.28"]

1. e4 e5 2. Nf3 Nc6 3. d4 exd4 4. Nxd4 Bc5 5. Be3 Qf6 6. c3 Nge7 7. Bc4 Ne5 8.
Bb3 d6 9. O-O O-O 10. Qe2 c6 11. Nd2 N7g6 12. f4 Ng4 13. Nf5 Nxe3 14. Nxe3 Nxf4
15. Qf3 Qg5 16. Rf2 Bxe3 17. Qxe3 Nh3+ 0-1

[Event "VII Festival A"]
[Site "Savigliano ITA"]
[Date "2009.05.28"]
[Round "1"]
[White "Martin, Tiziano"]
[Black "Borgo, Giulio"]
[Result "0-1"]
[WhiteElo "1967"]
[BlackElo "2440"]
[PlyCount "74"]
[EventDate "2009.05.28"]

1. d4 d5 2. Nf3 Nf6 3. e3 c5 4. c4 cxd4 5. exd4 g6 6. Nc3 Bg7 7. c5 b6 8. Bb5+
Bd7 9. Bxd7+ Qxd7 10. Ne5 Qc8 11. Qf3 e6 12. Bg5 Nbd7 13. Nb5 O-O 14. Rc1 bxc5
15. Nxd7 Qxd7 16. Bxf6 Qxb5 17. dxc5 Qb4+ 18. Kf1 Bxf6 19. Qxf6 Rfc8 20. Qc3
Qxc3 21. Rxc3 Rab8 22. Rc2 Rb5 23. Ke2 Rbxc5 24. Rd2 Kf8 25. f4 Ke7 26. Rf1 h5
27. Rf3 Kf6 28. Rb3 Ra5 29. a3 Rc7 30. Rb4 Rac5 31. Rb8 Rc4 32. g3 Rc1 33. Ra8
Rb7 34. Kf2 Rcc7 35. Ke2 Rb3 36. Kf2 Rcb7 37. Ke1 Rxb2 0-1

[Event "VII Festival A"]
[Site "Savigliano ITA"]
[Date "2009.05.28"]
[Round "1"]
[White "Petritaj, Ferdinando"]
[Black "Roversi, Stefano"]
[Result "1-0"]
[WhiteElo "2192"]
[BlackElo "1871"]
[PlyCount "33"]
[EventDate "2009.05.28"]

1. d4 Nf6 2. c4 e6 3. Nc3 d5 4. Bg5 Be7 5. e3 c6 6. Bd3 dxc4 7. Bxc4 Qa5 8. Nf3
Nbd7 9. O-O O-O 10. Qe2 Nb6 11. Bd3 Nbd5 12. Rac1 Nb4 13. Bb1 b6 14. a3 Nbd5
15. Ne5 Nxc3 16. Rxc3 Ba6 17. Qc2 1-0

[Event "VII Festival A"]
[Site "Savigliano ITA"]
[Date "2009.05.28"]
[Round "1"]
[White "Piscopo, Pierluigi"]
[Black "Gallitto, Salvatore"]
[Result "1-0"]
[WhiteElo "2405"]
[BlackElo "1957"]
[PlyCount "53"]
[EventDate "2009.05.28"]

1. e4 e6 2. Qe2 c5 3. Nf3 Nc6 4. g3 d6 5. Bg2 Be7 6. O-O h5 7. c3 e5 8. h3 Bf6
9. a3 g5 10. Ne1 h4 11. g4 Nge7 12. b4 a6 13. d3 Ng6 14. Nc2 Nf8 15. Ne3 Ne6
16. Nd5 Bg7 17. Nd2 Ne7 18. Nf3 Ng6 19. Rb1 Bd7 20. bxc5 dxc5 21. Rxb7 Bc6 22.
Rb1 Bxd5 23. exd5 Ngf4 24. Bxf4 Nxf4 25. Qe4 Qxd5 26. Qxd5 Nxd5 27. Nxg5 1-0

[Event "VII Festival A"]
[Site "Savigliano ITA"]
[Date "2009.05.28"]
[Round "1"]
[White "Ravazzolo, Gaia"]
[Black "Vinciguerra, Marco"]
[Result "1/2-1/2"]
[WhiteElo "1675"]
[BlackElo "2057"]
[PlyCount "57"]
[EventDate "2009.05.28"]

1. d4 Nf6 2. c4 c5 3. d5 b5 4. cxb5 a6 5. e3 g6 6. Nc3 Bg7 7. Nf3 O-O 8. Be2
axb5 9. Bxb5 Ba6 10. O-O d6 11. Re1 Ne4 12. Nxe4 Bxb5 13. Qc2 Ba4 14. Qc4 Nd7
15. Nc3 Nb6 16. Qe4 Bd7 17. Qd3 c4 18. Qd1 Na4 19. Qd2 Nc5 20. e4 Qb6 21. Qe2
Nd3 22. Rf1 Bg4 23. Rd1 Bxf3 24. gxf3 Bd4 25. Be3 Bxe3 26. fxe3 Rfb8 27. Rab1
Nf4 28. Qd2 Nd3 29. Qe2 1/2-1/2